000 00688cam a2200193 4500500
005 20260111080405.0
041 _afre
042 _adc
100 1 0 _aLe Clainche, Michel
_eauthor
245 0 0 _aLe rôle de l’ombre des conseillers budgétaires des cabinets ministériels
260 _c2020.
500 _a32
690 _acabinets ministériels
690 _aconférences budgétaires
690 _aconseillers budgétaires
690 _afinances de l’État
786 0 _nGestion & Finances Publiques | 1 | 1 | 2020-03-11 | p. 70-78 | 1969-1009
856 4 1 _uhttps://droit.cairn.info/revue-gestion-et-finances-publiques-2020-1-page-70?lang=fr&redirect-ssocas=7080
999 _c1616245
_d1616245